Catálogo de empresas y productos industriales / (Record no. 43590)

MARC details
000 -LEADER
campo de control de longitud fija 00807nam a2200205 i 4500
001 - NÚMERO DE CONTROL
campo de control 43590
003 - IDENTIFICADOR DE NÚMERO DE CONTROL
campo de control ES-MaACL
005 - FECHA Y HORA DE LA ÚLTIMA TRANSACCIÓN
campo de control 20230906160833.0
007 - CAMPO FIJO DE DESCRIPCIÓN FÍSICA--INFORMACIÓN GENERAL
campo de control de longitud fija t|
008 - DATOS DE LONGITUD FIJA--INFORMACIÓN GENERAL
campo de control de longitud fija 030318s1966 sp ||||1| spa d
245 00 - MENCIÓN DEL TÍTULO
Título Catálogo de empresas y productos industriales /
Mención de responsabilidad, etc. Servicio Sindical de Estadística.
260 ## - PUBLICACIÓN, DISTRIBUCIÓN, ETC.
Lugar de publicación, distribución, etc. Madrid :
Nombre del editor, distribuidor, etc. Servicio Sindical de Estadística,
Fecha de publicación, distribución, etc. 1966 (
Fabricante Imp. Suc. Rivadeneyra)
300 ## - DESCRIPCIÓN FÍSICA
Extensión 6 v. ;
Dimensiones 25 cm.
500 ## - NOTA GENERAL
Nota general Precede al Tít.: Servicio Sindical de Estadística.
505 8# - NOTA DE CONTENIDO CON FORMATO
Nota de contenido con formato Contiene: T. 2 y 3 del Vol. I. T. 2 y 3 del Vol. II. T. 2 y 3 del Vol. III
650 #4 - PUNTO DE ACCESO ADICIONAL DE MATERIA--TÉRMINO DE MATERIA
Término de materia o nombre geográfico como elemento de entrada Empresas-
Subdivisión geográfica España-
Subdivisión de forma Directorios.
9 (RLIN) 154437
650 #4 - PUNTO DE ACCESO ADICIONAL DE MATERIA--TÉRMINO DE MATERIA
Término de materia o nombre geográfico como elemento de entrada Productos industriales-
Subdivisión geográfica España.
9 (RLIN) 169077
710 2# - ENTRADA AGREGADA--NOMBRE DE ENTIDAD CORPORATIVA
Nombre de entidad corporativa o nombre de jurisdicción como elemento de entrada Servicio Sindical de Estadística (España)
9 (RLIN) 164510
852 ## - LOCALIZACIÓN
Ubicación ES-MaACL
Número de control de estantería P-1175
Sublocalización o colección R.63978
Holdings
Estatus retirado Estado de pérdida Estado de daño No para préstamo Biblioteca de origen Biblioteca actual Ubicación en estantería Fecha de adquisición Fuente de adquisición Total de préstamos Signatura topográfica completa Código de barras Visto por última vez Precio de reemplazo Tipo de ítem Koha
        Biblioteca del Ateneo de Madrid Biblioteca del Ateneo de Madrid Depósito 2 17/01/2008     P-1175 1045886 23/02/2023 23/02/2023 Libro impreso